000 00897cam a2200253 i 4500
003 SA-RiAUC
005 20250114074040.0
008 250113q19001999ua g 00000dara c
040 _aSA-RiKSU
_bara
_cSA-RiAUC
_erda
082 0 4 _a260
_qSA-RiAUC
090 _a260
_bف ر ي
100 1 _aفريد، أحمد،
_d1952-
_eمؤلف.
245 1 0 _aخصائص أهل السنة /
_cتأليف أحمد فريد.
264 1 _aالقاهرة :
_bمؤسسة قرطبة للنشر والتوزيع،
_c[بين 1900 و1999]
300 _a96 صفحة ؛
_c24 سم
336 _aنص
_btxt
_2rdacontent
_3كتاب
337 _aبدون وسيط
_bn
_2rdamedia
338 _aمجلد
_bnc
_2rdacarrier
650 7 _aأهل الحديث
_2aucsh
650 7 _aعلم الحديث
_2aucsh
650 7 _aالفرق الإسلامية
_2aucsh
942 _2ddc
_cBOOK
_n0
949 _aSA-JeALM
_d250113
_uosman123
_n1
999 _c4739
_d4739